Statistiques concernant Traduction de Vocabulaire en Anglais Aléatoire -leo

Cliquez ici pour prendre le quiz!

Statistiques générales

  • Ce quiz a été pris 49 fois
  • Le résultat moyen est 16 sur 30

Statistiques - réponses

FrançaisAnglais% Correct
Après (adv.)A{fter}
100%
presquea{lmost}
100%
En colère (adj.)A{ngry}
100%
Répondre (v.)A{nswer}
100%
Bras (n.)A{rm}
100%
Bébé (n.)B{aby}
100%
Boulangerie (n.)B{akery}
100%
Parce que (conj.)B{ecause}
100%
devenir (n.)b{ecome}
100%
Abeille (n.)B{ee}
100%
Avant (adv.)B{efore}
100%
derriereB{ehind}
100%
plier (n.)B{end}
100%
Mieux (adv. adj.)B{etter}
100%
Souffler (v.)B{low}
100%
Boîte (n.)B{ox}
100%
Construire (v.)B{uild}
100%
Beurre (n.)B{utter}
100%
Appeler (v.)C{all}
100%
Annuler (v.)C{ancel}
100%
Siècle (n.)C{entury}
100%
Poulet (n.)C{hicken}
100%
Noël (n.)C{hristmas}
100%
Eglise (n.)C{hurch}
100%
Citoyen (n.)C{itizen}
100%
Horloge (n.)C{lock}
100%
Fermer (v.)C{lose}
100%
facC{ollege}
100%
confiantC{onfident}
100%
Pleurer (v.)C{ry}
100%
Tasse (n.)C{up}
100%
actuellementc{urrently}
100%
couper (v.)c{ut}
100%
Couper (v.)C{ut}
100%
quotidiennementd{aily}
100%
Aurore (n.)D{awn}
100%
Profondeur (n.)D{epth}
100%
Dauphin (n.)D{olphin}
100%
Rêve (n.)D{ream}
100%
rever (n.)d{ream}
100%
conduire (n.)d{rive}
100%
Canard (n.)D{uck}
100%
Tôt (adv.)E{arly}
100%
tote{arly}
100%
manger (n.)e{at}
100%
exactementE{xactly}
100%
cherE{xpensive}
100%
Tomber (v.)F{all}
100%
tomber (n.)f{all}
100%
Ressentir (v.)F{eel}
100%
se battre (n.)f{ight}
100%
Combat (n.)F{ight}
100%
Mouche (n.)F{ly}
100%
Nourriture (n.)F{ood}
100%
Liberté (n.)F{reedom}
100%
geler (n.)f{reeze}
100%
Plein (adj.)F{ull}
100%
Fantôme (n.)G{host}
100%
Verre (n.)G{lass}
100%
aller (n.)g{o}
100%
Raisin (n.)G{rape}
100%
demih{alf}
100%
Heureux (adj.)H{appy}
100%
Détester (v.)H{ate}
100%
Paradis (n.)H{eaven}
100%
Enfer (n.)H{ell}
100%
frapper(v.)h{it}
100%
tenir (n.)h{old}
100%
Corne (n.)H{orn}
100%
blesser (n.)H{urt}
100%
Mari (n.)H{usband}
100%
Encre (n.)I{nk}
100%
Sauter (v.)J{ump}
100%
garder (n.)k{eep}
100%
Tuer (v.)K{ill}
100%
Roi (n.)K{ing}
100%
Bisou (n.)K{iss}
100%
Cuisine (n.)K{itchen}
100%
connaitre (n.)k{now}
100%
Tard (adv.)L{ate}
100%
apprendre (n.)l{earn}
100%
permettre (n.)l{et}
100%
Écouter (v.)L{isten}
100%
Vivre (v.)L{ive}
100%
perdre (n.)l{ose}
100%
Amoureux (n.)L{over}
100%
faire (n.)m{ake}
100%
signifier (n.)M{ean}
100%
mecomprendre (n.)m{isunderstand}
100%
Souris (n.)M{ouse}
100%
Musée (n.)M{useum}
100%
Champignon (n.)M{ushroom}
100%
Musique (n.)M{usic}
100%
prochen{ear}
100%
Jamais (adv.)N{ever}
100%
Nouveau (adj.)N{ew}
100%
Journal (n.)N{ewspaper}
100%
Rien (pron.)N{othing}
100%
Maintenant (adv.)N{ow}
100%
Noix (n.)N{ut}
100%
etrangeO{dd}
100%
Un (chiffre) (n.)O{ne}
100%
Oignon (n.)O{nion}
100%
Ouvrir (v.)O{pen}
100%
Ou (conj.)O{r}
100%
payer (n.)p{ay}
100%
Affiche (n.)P{oster}
100%
Prier (v.)P{ray}
100%
Reine (n.)Q{ueen}
100%
lire (n.)r{ead}
100%
Riz (n.)R{ice}
100%
sonner (n.)r{ing}
100%
Route (n.)R{oad}
100%
courir (n.)r{un}
100%
Triste (adj.)S{ad}
100%
Sable (n.)S{and}
100%
dire (n.)s{ay}
100%
Effrayé (adj.)S{cared}
100%
Mer (n.)S{ea}
100%
voir (n.)S{ee}
100%
egoisteS{elfish}
100%
envoyer (n.)s{end}
100%
Ombre (n.)S{hadow}
100%
briller (n.)s{hine}
100%
maladeS{ick}
100%
chanter (n.)s{ing}
100%
Ciel (n.)S{ky}
100%
Petit (adj.)S{mall}
100%
Sourire (v.)S{mile}
100%
Savon (n.)S{oap}
100%
Parfois (adv.)S{ometimes}
100%
Chanson (n.)S{ong}
100%
Âme (n.)S{oul}
100%
dépenser (n.)s{pend}
100%
Éponge (n.)S{ponge}
100%
Espion (n.)S{py}
100%
Acier (n.)S{teel}
100%
Rue (n.)S{treet}
100%
Sucré (adj.)S{weet}
100%
enseigner(n.)t{each}
100%
Équipe (n.)T{eam}
100%
Larme (n.)T{ear}
100%
(le) Meilleur (adj.)(the) B{est}
100%
thèseT{hesis}
100%
penser (n.)t{hink}
100%
Cravate (n.)T{ie}
100%
comprendre(n.)u{nderstand}
100%
utileu{seful}
100%
Très (adv.)V{ery}
100%
Marcher (v.)W{alk}
100%
Vouloir (v.)W{ant}
100%
Chute d'eau (n.)W{aterfall}
100%
Bienvenue (interj.)W{elcome}
100%
Pourquoi (adv.)W{hy}
100%
Vin (n.)W{ine}
100%
Monde (n.)W{orld}
100%
Jeune (adj.)Y{oung}
100%
parler (n.)S{peak}
83%
Toujours (adv.)A{lways}
80%
Quand (adv.)W{hen}
80%
Corps (n.)B{ody}
75%
bruler (n.)b{urn}
75%
Sourcil (n.)E{yebrow}
75%
entendre (n.)H{ear}
75%
Espérer (v.)H{ope}
75%
Neveu (n.)N{ephew}
75%
nerveuxN{ervous}
75%
Vieux (adj.)O{ld}
75%
vendre (n.)s{ell}
75%
Soldat (n.)S{oldier}
75%
Dent (n.)T{ooth}
75%
Siffler (v.)W{histle}
75%
Cerveau (n.)B{rain}
67%
Nettoyer (v.)C{lean}
67%
ennuyeuxD{ull}
67%
Pâques (n.)E{aster}
67%
attenduE{xpected}
67%
Enfin (adv.)F{inally}
67%
trouver (n.)f{ind}
67%
avoir (n.)h{ave}
67%
Lourd (adj.)H{eavy}
67%
Bijou (n.)J{ewel}
67%
rencontrer (n.)m{eet}
67%
Sirène (n.)M{ermaid}
67%
bruyantN{oisy}
67%
fierP{roud}
67%
mettre (n.)P{ut}
67%
s'élever (n.)r{ise}
67%
montrer (n.)s{how}
67%
groupe d’étudeS{tudy} {group}
67%
Mur (n.)W{all}
67%
Où (adv.)W{here}
67%
Bois (n.)W{ood}
67%
Travailler (v.)W{ork}
67%
Blague (n.)J{oke}
60%
etre (n.)b{e}
50%
contempler (n.)b{ehold}
50%
Parier (v.)B{et}
50%
Couverture (n.)B{lanket}
50%
casser (n.)b{reak}
50%
Respirer (v.)B{reathe}
50%
construire (n.)b{uild}
50%
attraper (n.)c{atch}
50%
venir (n.)c{ome}
50%
couter (v.)C{ost}
50%
Mourir (v.)D{ie}
50%
faire (n.)d{o}
50%
en particuliere{specially}
50%
memee{ven}
50%
Rapide (adj.)F{ast}
50%
sentir (n.)f{eel}
50%
Suivre (v.)F{ollow}
50%
cacher (n.)h{ide}
50%
Si (conj.)I{f}
50%
Île (n.)I{sland}
50%
mener (n.)l{ead}
50%
preter (n.)l{end}
50%
probableL{ikely}
50%
Homard (n.)L{obster}
50%
principalM{ain}
50%
Mélanger (v.)M{ix}
50%
evidentO{bvious}
50%
Souvent (adv.)O{ften}
50%
Hibou (n.)O{wl}
50%
probablementP{robably}
50%
silencieuxQ{uiet}
50%
CVr{esume}
50%
Rugir (v.)R{oar}
50%
Scie (n.)S{aw}
50%
Tournevis (n.)S{crewdriver}
50%
tirer (n.)s{hoot}
50%
Timide (adj.)S{hy}
50%
Gratte-ciel (n.)S{kyscraper}
50%
sentir (n.)s{mell}
50%
épeler (n.)s{peel}
50%
Arrêter (v.)S{top}
50%
jurer(n.)S{wear}
50%
Balançoire (n.)S{wing}
50%
Raconter (v.)T{ell}
50%
Orteil (n.)T{oe}
50%
découvrir, apprendret{o} {find} {out}
50%
dire (n.)t{old}
50%
Langue (organe) (n.)T{ongue}
50%
habituellementU{sually}
50%
Violon (n.)V{iolin}
50%
Guèpe (n.)W{asp}
50%
porter (sur toi) (n.)w{ear}
50%
dessiner(n.)d{raw}
33%
Marteau (n.)H{ammer}
33%
Entendre (v.)H{ear}
33%
Léger (adj.)L{ight}
33%
Prêtre (n.)P{riest}
33%
Hippocampe (n.)S{eahorse}
33%
continuer (n.)t{o} {go} {on}
33%
chaudW{arm}
33%
dejaa{lready}
25%
Boucher (n.)B{utcher}
25%
Grotte (n.)C{ave}
25%
repasser un examenR{etake}
25%
etre debout (n.)s{tand}
25%
balayer (n.)s{weep}
25%
augmenter, montert{o} {go} {up}
25%
etrangerF{oreign}
20%
Ficelle (n.)S{tring}
20%
réalisationsa{chievements}
14%
plus hauta{bove}
0%
conseiller pédagogiqueA{cademic} {advisor}
0%
réalisationsA{chievements}
0%
En faita{ctually}
0%
aussia{lso}
0%
candidatureA{pplication}
0%
Armure (n.)A{rmor}
0%
s'eveiller (n.)a{wake}
0%
LicenceB{achelor's} {degree}
0%
supporter (n.)b{ear}
0%
Bière (n.)B{eer}
0%
commencer (n.)B{egin}
0%
Grand/gros (adj.)B{ig}
0%
lier (n.)b{ind}
0%
mordre (n.)b{ite}
0%
Amer (adj.)B{itter}
0%
Lame (n.)B{lade}
0%
saigner (n.)b{leed}
0%
souffler(n.)b{low}
0%
Patron (n.)B{oss}
0%
Bouteille (n.)B{ottle}
0%
Garçon (n.)B{oy}
0%
Pain (n.)B{read}
0%
apporter (n.)b{ring}
0%
Balai (n.)B{room}
0%
éclater (n.)B{urst}
0%
acheter (n.)b{uy}
0%
Acheter (v.)B{uy}
0%
Chandelle (n.)C{andle}
0%
objectif de carrièreC{areer} {objective}
0%
parcours professionnelC{areer} {path}
0%
choisir (n.)c{hoose}
0%
Falaise (n.)C{liff}
0%
s'accrocher (n.)c{ling}
0%
communc{ommon}
0%
constammentc{onstantly}
0%
Cadavre (n.)C{orpse}
0%
travaux dirigésC{oursework}
0%
lettre de motivationC{over} {letter}
0%
Grue (n.)C{rane}
0%
esprit critiqueC{ritical} {thinking}
0%
actuelC{urrent}
0%
Oser (v.)D{are}
0%
convenableD{ecent}
0%
Creuser (v.)D{ig}
0%
creuser (n.)d{ig}
0%
saleD{irty}
0%
Memoire (le devoir)D{issertation}
0%
assumer
t{o} {take} {on}
0%
tristeD{own}
0%
boire (n.)d{rink}
0%
Goutte (n.)D{rop}
0%
abandonner ses étudesD{rop} {out}
0%
secD{ry}
0%
Crepuscule (n.)D{usk}
0%
efficacee{fficient}
0%
Œuf (n.)E{gg}
0%
Vide (adj.)E{mpty}
0%
inscriptionE{nrollment}
0%
examen d'entréeE{ntrance} {exam}
0%
enthousiasmentE{xciting}
0%
Usine (n.)F{actory}
0%
échouerF{ail}
0%
equitableF{air}
0%
Fée (n.)F{airy}
0%
se nourrir (n.)f{eed}
0%
financierf{inancial}
0%
voler (avion) (n.)f{ly}
0%
interdire (n.)f{orbid}
0%
ancien, precedentf{ormer}
0%
Heureusement (adv.)F{ortunately}
0%
Ami (n.)F{riend}
0%
Grenouille (n.)F{rog}
0%
plus eloignéF{uther}
0%
obtenir (n.)g{et}
0%
donner (n.)g{ive}
0%
noteG{rade}
0%
Sauterelle (n.)G{rasshopper}
0%
moudre (n.)G{rind}
0%
grandir (n.)g{row}
0%
coupableG{uilty}
0%
suspendre (n.)h{ang}
0%
Hauteur (n.)H{eight}
0%
Aide (n.)H{elp}
0%
utileh{elpful}
0%
internei{nner}
0%
A la placeI{nstead}
0%
interresantI{nteresting}
0%
stageI{ntership}
0%
Confiture (n.)J{am}
0%
entretien d’embaucheJ{ob} {interview}
0%
Clavier (n.)K{eyboard}
0%
s'agenouiller (n.)K{neel}
0%
Atterrir (v.)L{and}
0%
Rire (v.)L{augh}
0%
poser a plat (n.)L{ay}
0%
paresseuxL{azy}
0%
Feuille (d'arbre) (n.)L{eaf}
0%
partir (n.)L{eave}
0%
cours magistralL{ecture}
0%
Gauche (n.)L{eft}
0%
Longueur (n.)L{ength}
0%
Couvercle (n.)L{id}
0%
s'etendre (n.)l{ie}
0%
allumer (n.)l{ight}
0%
Seigneur (n.)L{ord}
0%
bruyantl{oud}
0%
Fou (adj.)M{ad}
0%
Aimant (n.)M{agnet}
0%
Courrier (n.)M{ail}
0%
faire (n.)m{ake}
0%
MasterM{aster's} {degree}
0%
Viande (n.)M{eat}
0%
Mémoire (n.)M{emory}
0%
Minuit (n.)M{idnight}
0%
jalonM{ilestone}
0%
optionm{inor}
0%
principalementm{ostly}
0%
Clou (n.)N{ail}
0%
Sieste (n.)N{ap}
0%
Étroit (adj.)N{arrow}
0%
presqueN{early}
0%
Cauchemar (n.)N{ightmare}
0%
Narine (n.)N{ostril}
0%
Pieuvre (n.)O{ctopus}
0%
exterieurO{uter}
0%
dissertationP{aper}
0%
reussirP{ass}
0%
projets personnelsP{ersonal} {projects}
0%
plagiatP{lagiarism}
0%
Jouer (v.)P{lay}
0%
agréable, plaisantP{leasant}
0%
développement professionnelp{rofesionnal} {development}
0%
Raton laveur (n.)R{accoon}
0%
service de scolaritéR{egistar}
0%
aller a cheval, a velo (n.)r{ide}
0%
Rouler (v.)R{oll}
0%
actuelR{unning}
0%
Père Noël (n.)S{anta} {Claus}
0%
bourseS{colarship}
0%
Saison (n.)S{eason}
0%
chercher (n.)S{eek}
0%
Vendre (v.)S{ell}
0%
Sérieux (adj.)S{erious}
0%
secouer(n.)s{hake}
0%
perspicaceS{harp}
0%
fermer (n.)S{hut}
0%
couler (n.)S{ink}
0%
etre assis (n.)s{it}
0%
ensemble de compétencess{kill} {set}
0%
dormir (n.)s{leep}
0%
glisser (n.)s{lide}
0%
minces{lim}
0%
Sentir (v.)S{mell}
0%
Éternuer (v.)S{neeze}
0%
Fils (n.)S{on}
0%
bientot, totS{oon}
0%
Épinard (n.)S{pinach}
0%
cracher (n.)s{pit}
0%
Gacher (n.)s{poil}
0%
s'étendre (n.)s{pread}
0%
Commencer (v.)S{tart}
0%
Rester (v.)S{tay}
0%
voler (n.)S{teal}
0%
coller (n.)s{tick}
0%
encores{till}
0%
Sucre (n.)S{ugar}
0%
durabilitéS{ustainability}
0%
nager (n.)s{wim}
0%
prendre (n.)t{ake}
0%
compétences techniquest{echnical} {proficiency}
0%
épaist{hick}
0%
assoiféT{hirsty}
0%
lancer (n.)t{hrow}
0%
gestion du tempsT{ime} {management}
0%
tomber en pannet{o} {break} {down}
0%
amener(cause), provoquert{o} {bring} {about}
0%
rapportert{o} {bring} {back}
0%
introduiret{o} {bring} {in}
0%
évoquert{o} {bring} {up}
0%
poursuivret{o} {carry} {on}
0%
effectuer (n.)t{o} {carry} {out}
0%
revenir, faire son retourt{o} {come} {back}
0%
descendret{o} {come} {down}
0%
entrer, arrivert{o} {come} {in}
0%
sortir (film)t{o} {come} {out}
0%
retournert{o} {get} {back}
0%
descendre d'un vehiculet{o} {get} {down}
0%
bien s'entendret{o} {get} {on}
0%
sortir (impératif)t{o} {get} {out}
0%
se lever (matin)t{o} {get} {up}
0%
abandonnert{o} {give} {up}
0%
retourner,rentrer (n.)t{o} {go} {back}
0%
descendret{o} {go} {down}
0%
baisser les yeuxt{o} {go} {down}
0%
entrer, rejoindret{o} {go} {in}
0%
exploser, se déclencher(alarme)t{o} {go} {off}
0%
sortir ensemblet{o} {go} {out}
0%
se retournert{o} {look} {back}
0%
faire attentiont{o} {look} {out}
0%
lever les yeuxt{o} {look} {up}
0%
relooker, changert{o} {make} {over}
0%
inventer, imaginert{o} {make} {up}
0%
egalementt{oo}
0%
poser, rabaissert{o} {put} {down}
0%
éteindre (lumiere)t{o} {put} {out}
0%
mettre, affichert{o} {put} {up}
0%
se mettre en routet{o} {set} {off}
0%
installer, montert{o} {set} {up}
0%
entreprendret{o} {set} {up}
0%
s'assoirt{o} {sit} {down}
0%
reprendre, recuperert{o} {take} {back}
0%
enlevert{o} {take} {off}
0%
retirer, sortir qlqct{o} {take} {out}
0%
prendre, demandert{o} {take} {up}
0%
se revelert{o} {turn} {out}
0%
venir, se pointert{o} {turn} {up}
0%
trouver une solutiont{o} {work} {out}
0%
Trompette (n.)T{rumpet}
0%
frais de scolaritét{uition fee}
0%
inhabituelU{nusual}
0%
inutileu{seless}
0%
expérience de bénévolatV{oluteer} {expercience}
0%
reveiller(n.)w{ake}
0%
Avertissement (n.)W{arning}
0%
Arroser (v.)W{ater}
0%
Semaine (n.)W{eek}
0%
humideW{et}
0%
Chuchoter (v.)W{hisper}
0%
complet(adj)W{hole}
0%
gagner (n.)w{in}
0%
serpenter (adj.)w{ind}
0%
Sorcière (n.)W{itch}
0%
resister (n.)w{ithstand}
0%
ecrire (n.)w{rite}
0%

Distribution des résultats

Percentile par nombre de réponses

% des personnes avec chaque résultat

Votre développement - résultats

Vous n’avez pas pris ce quiz